Inflation report - october/2002 Czech National Bank

Uložené v:
Podrobná bibliografia
Médium: Kniha
Jazyk:English
Vydavateľské údaje: Praha Czech National Bank 2002
Predmet:
Tagy: Pridať tag
Žiadne tagy, Buďte prvý, kto otaguje tento záznam!

MARC

LEADER 00000nam a2200000 4500
001 c141246
005 20221124092308.8
041 0 |a eng 
044 |a CZ 
245 1 0 |a Inflation report - october/2002  |b Czech National Bank 
264 1 |a Praha  |b Czech National Bank  |c 2002 
300 |a 35 s.  |e 1 CD-ROM 
610 2 0 |a banky 
610 2 0 |a bankovníctvo 
610 2 0 |a inflácia 
610 2 0 |a prognózy 
610 2 0 |a peniaze 
610 2 0 |a politika peňažná 
610 2 0 |a miera úroková 
610 2 0 |a dopyt 
610 2 0 |a trh práce 
610 2 0 |a náklady 
610 2 0 |a ceny 
610 2 0 |a rady dozorné 
610 2 0 |a ČNB Praha 
610 2 0 |a október 
610 2 0 |a 2002